000 02288nam a2200421 4500
003 EC-UNACH
005 20250522130047.0
006 s||||gr|||| 00| 00
008 150116t9999 mx r gr 000 0 spa d
020 _a10121498
040 _aEC-UNACH
_cEC-UNACH
041 _aspa
082 0 4 _223
_a300
_bL017716
110 _aCentro Andino de Acción Popular (CAAP)
245 _aEcuador Debate N°58. Repúblicas Petroleras
250 _aPrimera Edición
264 _aQuito - Ecuador
_bCAAP
_c2003
300 _a242 páginas
_bCuadros, Tablas
_c14,5 X 21 cm
505 _aCoyuntura.- Presupuesto General del Estado y Carta de Intención rinden tributo a los acreedores de la deuda pública. De la desconsolidación al autoritarismo democráticos. O cómo dejar de gobernar para mantenerse en el gobierno. Conflicto bélico y debilitamiento de la Economía Mundial. Conflictividad socio-política: noviembre 2002 - febrero 2003. -- Tema Central.- Geopolitica del petróleo en América Latina. Ecuador: Entre la ilusión y la maldición del petróleo. Transnacionalización y concentración de poder en la escena petrolera actual. Petróleo, Estado y Proyecto Militar. -- Entrevista.- Capitalismo Global y modernidad compleja. -- Debate Agrario-Rural.- Desarticulación social y tensiones latentes en las áreas florícolas de la Sierra ecuatoriana. La calidad sanitaria de los cultivos de importancia económica. -- Análisis.- El lugar de la ciudadanía en los entornos de hoy. Una mirada desde América Latina. Reflexiones Antropológicas acerca de las problemáticas actuales de la cultura en Ecuador. -- Crítica Bibliográfica.- Entre el hastío y la participación ciudadana.
650 _aECONOMÍA MUNDIAL
650 _aDESARTICULACIÓN SOCIAL
650 _aANTROPOLOGÍA
650 _aCONTROL BIOLÓGICO
650 _aDEUDA PÚBLICA
700 _aRomero Cevallos, Marco
700 _aFontaine, Guillaume
700 _aSánchez Quispe, George
700 _aAcosta, Alberto
700 _akorovkin, Tanya
942 _2ddc
_c1
999 _c13492